<?xml version="1.0" encoding="UTF-8"?>
<record
    xmlns:xsi="http://www.w3.org/2001/XMLSchema-instance"
    xsi:schemaLocation="http://www.loc.gov/MARC21/slim http://www.loc.gov/standards/marcxml/schema/MARC21slim.xsd"
    xmlns="http://www.loc.gov/MARC21/slim">

  <leader>00399    a2200133   4500</leader>
  <controlfield tag="005">20250317140658.0</controlfield>
  <datafield tag="020" ind1=" " ind2=" ">
    <subfield code="a">81-7391-504-0</subfield>
  </datafield>
  <datafield tag="082" ind1=" " ind2=" ">
    <subfield code="a">374.111 SHA</subfield>
  </datafield>
  <datafield tag="100" ind1=" " ind2=" ">
    <subfield code="a">SHARMA, Y. K.</subfield>
  </datafield>
  <datafield tag="245" ind1=" " ind2=" ">
    <subfield code="a">The Doctrines of the Great Western Educators: Fromm Plato to Bertrand Russell</subfield>
  </datafield>
  <datafield tag="260" ind1=" " ind2=" ">
    <subfield code="a">New Delhi,</subfield>
    <subfield code="b">Kanishka Publishers,</subfield>
    <subfield code="c">2010.</subfield>
  </datafield>
  <datafield tag="300" ind1=" " ind2=" ">
    <subfield code="a">xvii, 509p.</subfield>
    <subfield code="b">Bibliography, index</subfield>
    <subfield code="c">22cm.</subfield>
  </datafield>
  <datafield tag="942" ind1=" " ind2=" ">
    <subfield code="2">ddc</subfield>
    <subfield code="c">BKS</subfield>
  </datafield>
  <datafield tag="999" ind1=" " ind2=" ">
    <subfield code="c">806</subfield>
    <subfield code="d">806</subfield>
  </datafield>
  <datafield tag="952" ind1=" " ind2=" ">
    <subfield code="r">2025-03-17 14:09:02</subfield>
    <subfield code="l">0</subfield>
    <subfield code="o">374.111 SHA</subfield>
    <subfield code="p">0000003221</subfield>
    <subfield code="v">149250.00</subfield>
    <subfield code="w">2025-03-17</subfield>
    <subfield code="y">BKS</subfield>
    <subfield code="1">0</subfield>
    <subfield code="2">ddc</subfield>
    <subfield code="4">0</subfield>
    <subfield code="7">0</subfield>
    <subfield code="0">0</subfield>
    <subfield code="a">CBEML</subfield>
    <subfield code="b">CBEML</subfield>
    <subfield code="c">GEN</subfield>
    <subfield code="d">2017-06-19</subfield>
    <subfield code="g">49750.00</subfield>
  </datafield>
  <datafield tag="952" ind1=" " ind2=" ">
    <subfield code="r">2025-03-17 14:09:02</subfield>
    <subfield code="l">0</subfield>
    <subfield code="o">374.111 SHA</subfield>
    <subfield code="p">0000003222</subfield>
    <subfield code="v">149250.00</subfield>
    <subfield code="w">2025-03-17</subfield>
    <subfield code="y">BKS</subfield>
    <subfield code="1">0</subfield>
    <subfield code="2">ddc</subfield>
    <subfield code="4">0</subfield>
    <subfield code="7">0</subfield>
    <subfield code="0">0</subfield>
    <subfield code="a">CBEML</subfield>
    <subfield code="b">CBEML</subfield>
    <subfield code="c">GEN</subfield>
    <subfield code="d">2017-06-19</subfield>
    <subfield code="g">49750.00</subfield>
  </datafield>
  <datafield tag="952" ind1=" " ind2=" ">
    <subfield code="r">2025-03-17 14:09:02</subfield>
    <subfield code="l">0</subfield>
    <subfield code="o">374.111 SHA</subfield>
    <subfield code="p">0000003223</subfield>
    <subfield code="v">149250.00</subfield>
    <subfield code="w">2025-03-17</subfield>
    <subfield code="y">BKS</subfield>
    <subfield code="1">0</subfield>
    <subfield code="2">ddc</subfield>
    <subfield code="4">0</subfield>
    <subfield code="7">0</subfield>
    <subfield code="0">0</subfield>
    <subfield code="a">CBEML</subfield>
    <subfield code="b">CBEML</subfield>
    <subfield code="c">GEN</subfield>
    <subfield code="d">2017-06-19</subfield>
    <subfield code="g">49750.00</subfield>
  </datafield>
  <datafield tag="952" ind1=" " ind2=" ">
    <subfield code="r">2025-03-17 14:09:02</subfield>
    <subfield code="l">0</subfield>
    <subfield code="o">374.111 SHA</subfield>
    <subfield code="p">0000003224</subfield>
    <subfield code="v">149250.00</subfield>
    <subfield code="w">2025-03-17</subfield>
    <subfield code="y">BKS</subfield>
    <subfield code="1">0</subfield>
    <subfield code="2">ddc</subfield>
    <subfield code="4">0</subfield>
    <subfield code="7">0</subfield>
    <subfield code="0">0</subfield>
    <subfield code="a">CBEML</subfield>
    <subfield code="b">CBEML</subfield>
    <subfield code="c">GEN</subfield>
    <subfield code="d">2017-06-19</subfield>
    <subfield code="g">49750.00</subfield>
  </datafield>
  <datafield tag="952" ind1=" " ind2=" ">
    <subfield code="r">2025-05-29 13:10:10</subfield>
    <subfield code="l">0</subfield>
    <subfield code="o">374.111 SHA</subfield>
    <subfield code="p">0000008764</subfield>
    <subfield code="v">149250.00</subfield>
    <subfield code="w">2025-05-29</subfield>
    <subfield code="y">BKS</subfield>
    <subfield code="1">0</subfield>
    <subfield code="2">ddc</subfield>
    <subfield code="4">0</subfield>
    <subfield code="7">0</subfield>
    <subfield code="0">0</subfield>
    <subfield code="a">CBEML</subfield>
    <subfield code="b">CBEML</subfield>
    <subfield code="c">SPECIAL</subfield>
    <subfield code="d">2017-06-19</subfield>
    <subfield code="g">49750.00</subfield>
  </datafield>
</record>
